Plus grandes villes de France par région (sans les préfectures) - Statistiques

Statistiques générales
  • Ce quiz a été pris 1 706 fois
  • Le résultat moyen est 22 sur 70
Statistiques - réponses
Population Ville % Correct
Auvergne-Rhône-Alpes 152 212 Villeurbanne
69%
Bretagne 139 926 Brest
65%
Bretagne 57 246 Lorient
59%
Grand Est 108 312 Mulhouse
59%
Provence-Alpes-Côte d'Azur 145 133 Aix-en-Provence
55%
Normandie 168 290 Le Havre
55%
Hauts-de-France 98 828 Roubaix
53%
Hauts-de-France 86 279 Dunkerque
52%
Grand Est 181 194 Reims
52%
Bretagne 46 803 Saint-Malo
52%
Provence-Alpes-Côte d'Azur 74 545 Cannes
51%
Île-de-France 112 852 Saint-Denis
51%
Île-de-France 121 583 Boulogne-Billancourt
50%
Hauts-de-France 72 509 Calais
50%
Pays de la Loire 71 394 Saint-Nazaire
50%
Hauts-de-France 98 656 Tourcoing
50%
Occitanie 78 308 Béziers
45%
Normandie 78 549 Cherbourg-en-Cotentin
43%
Occitanie 55 516 Narbonne
42%
Corse 11 132 Porto Vecchio
42%
Nouvelle-Aquitaine 51 894 Bayonne
39%
DROM 84 982 Saint-Pierre
39%
Auvergne-Rhône-Alpes 67 285 Vénissieux
38%
Île-de-France 111 240 Montreuil
37%
Provence-Alpes-Côte d'Azur 73 438 Antibes
36%
Bourgogne-Franche-Comté 45 056 Chalon-sur-Saône
35%
Pays de la Loire 54 037 Cholet
35%
Normandie 28 352 Saint-Etienne-du-Rouvray
34%
DROM 103 208 Saint-Paul
34%
Île-de-France 111 038 Argenteuil
33%
Nouvelle-Aquitaine 72 197 Mérignac
33%
Nouvelle-Aquitaine 65 245 Pessac
32%
Occitanie 43 858 Sète
32%
Corse 7 485 Corte
29%
Hauts-de-France 61 957 Villeneuve-d'Ascq
29%
Provence-Alpes-Côte d'Azur 54 821 Hyères
28%
Bourgogne-Franche-Comté 25 806 Montbéliard
28%
Provence-Alpes-Côte d'Azur 62 987 La Seyne-sur-Mer
27%
Normandie 28 241 Dieppe
26%
Bourgogne-Franche-Comté 23 711 Dole
26%
Occitanie 41 837 Alès
25%
Occitanie 42 079 Castres
25%
Bretagne 20 595 Fougères
25%
Pays de la Loire 45 030 Les Sables-d'Olonne
25%
DROM 79 824 Le Tampon
25%
Bourgogne-Franche-Comté 26 688 Sens
24%
Grand Est 40 778 Thionville
24%
Auvergne-Rhône-Alpes 52 795 Vaulx-en-Velin
23%
Centre-Val de Loire 38 444 Joué-lès-Tours
22%
DROM 53 514 Les Abymes
22%
Centre-Val de Loire 25 464 Vierzon
22%
Centre-Val de Loire 30 646 Dreux
21%
Pays de la Loire 42 919 Rezé
21%
Pays de la Loire 47 415 Saint-Herblain
21%
Île-de-France 95 510 Vitry-sur-Seine
21%
Grand Est 35 196 Haguenau
19%
Auvergne-Rhône-Alpes 46 927 Saint-Priest
19%
Nouvelle-Aquitaine 43 820 Talence
18%
Nouvelle-Aquitaine 46 330 Brive-la-Gaillarde
17%
Corse 8 832 Borgo
15%
Auvergne-Rhône-Alpes 43 294 Caluire-et-Cuire
14%
Bourgogne-Franche-Comté 21 269 Le Creusot
13%
Centre-Val de Loire 21 288 Saint-Jean-de-Braye
13%
Grand Est 33 780 Schiltigheim
13%
Centre-Val de Loire 22 386 Olivet
11%
Bretagne 23 124 Lanester
10%
Normandie 29 068 Sotteville-lès-Rouen
10%
Corse 7 810 Biguglia
9%
DROM 56 902 Saint-André
9%
Corse 6 007 Lucciana
1%
Aucun quiz correspondant
Distribution des résultats
% des personnes avec chaque résultat
Percentile par nombre de réponses
Votre historique - résultats
Vous n’avez pas pris ce quiz